000 00253nam a2200085Ia 4500
245 0 _aIntroduction to marketing
100 _a Strydom, Johan Cape Town, South Africa, 2011 4th ed
_942863
942 _cBK
008 210817s9999 xx 000 0 und d
999 _c299817
_d299816